| 000 | 01211nam a2200373 i 4500 | ||
|---|---|---|---|
| 001 | 200463665 | ||
| 003 | TR-AnTOB | ||
| 005 | 20250123120343.0 | ||
| 007 | ta | ||
| 008 | 250123t20242024tu d 001 0 tur d | ||
| 020 |
_a9786256110113 _q(hardback) |
||
| 024 | 7 |
_a10.53478/TUBA.978-625-6110-11-3 _2doi |
|
| 035 | _a(TR-AnTOB)200463665 | ||
| 040 |
_aTR-AnTOB _beng _erda _cTR-AnTOB |
||
| 041 | 0 |
_atur _aeng |
|
| 050 | 4 |
_aQH13 _b.T87 2024 |
|
| 090 |
_aQH13 _b.T87 2024 |
||
| 245 | 0 | 0 |
_aTürkçe bilim terimleri sözlüğü : _bdoğa bilimleri terimleri. |
| 246 | 0 | 0 | _aDoğa bilimleri terimleri |
| 246 | 0 | 3 | _aDoğa bilimleri terimleri sözlüğü |
| 246 | 0 | 3 |
_aTurkish science terms dictionary : _bnatural sciences terms dictionary |
| 250 | _aBirinci baskı. | ||
| 264 | 1 |
_aAnkara : _bTürkiye Bilimler Akademisi, _c2024. |
|
| 264 | 4 | _c©2024 | |
| 300 |
_axviii, 598 pages ; _c27 cm |
||
| 336 |
_atext _btxt _2rdacontent |
||
| 337 |
_aunmediated _bn _2rdamedia |
||
| 338 |
_avolume _bnc _2rdacarrier |
||
| 500 | _aıncludes index. | ||
| 650 | 0 |
_aNatural history _vDictionaries _9147942 |
|
| 710 | 2 |
_aTürkiye Bilimler Akademisi _eissuing body _927420 |
|
| 942 |
_2lcc _cBK |
||
| 999 |
_c200463665 _d81877 |
||